| 000 | 01173cam a22002891 4500 | ||
|---|---|---|---|
| 001 | sa 67003102 | ||
| 003 | DLC | ||
| 005 | 20260227112335.0 | ||
| 008 | 840323s1966 ii b b 000 0 eng | ||
| 010 | _asa 67003102 | ||
| 025 | _aPL480:I-E-7259 | ||
| 035 | _a(OCoLC)10556568 | ||
| 040 |
_aDLC _cNRU _dDLC |
||
| 042 | _apremarc | ||
| 050 | 0 | 0 |
_aHT147.I5 _bJ3 |
| 082 | _a301.3/6/095475 | ||
| 100 | 1 | _aJanaki, Vengalil A. | |
| 245 | 1 | 0 |
_aFunctional classification of towns in Gujarat _c[by] V.A. Janaki. |
| 260 |
_a[Baroda, _bDept. of Geography, Faculty of Science] Maharaja Sayajirao University of Baroda _c[1966] |
||
| 300 |
_a48 p. _bmaps. _c29 cm. |
||
| 490 | 1 |
_aMaharaja Sayajirao University of Baroda. Research paper series: geography, _vno. 2 |
|
| 500 | _a"Paper ... read at the Geography summer school held at Nainital (June 10th to 24, 1965) by the Department of Geography, Aligarh Muslim University." | ||
| 500 | _aErrata slip inserted. | ||
| 504 | _aBibliographical footnotes. | ||
| 650 | 0 |
_aCities and towns _zIndia _zGujarat. |
|
| 810 | 2 |
_aMaharaja Sayajirao University of Baroda. _bDepartment of Geography. _tResearch paper series. _pgeography ; _vno. 2. |
|
| 999 |
_c73626 _d73626 |
||